000 00851nam a2200265 a 4500
001 BRCA_5102
005 20190320204935.0
008 181110s1951----sp-a######---#000-0#spa-#
041 _aspa
044 _asp
050 4 _aNA5811
_b.M66 1 1951
100 1 _aGarcía Boiza, Antonio
_913008
245 1 0 _aSalamanca monumental
_cpor Antonio García Boiza.
260 _aMadrid
_bPlus-Ultra
_c[1951]
300 _a156 p.
_bil.
_c22 cm.
440 0 _aLos monumentos cardinales de España
_v10
_913009
500 _aIncluye índice topográfico e índice alfabético
500 _aVer también C24, E3, E18, E19, E20, E21, E22, E23, E24, E25, E26, E27
500 _aE2
650 1 4 _aArte
_zSalamanca, España
_913010
650 1 4 _aArquitectura religiosa
_zEspaña
_97863
650 1 4 _aArquitectura
_zSalamanca
_913011
902 _aGFM
942 _2lcc
_cB
999 _c4796
_d4796